Flagi 20 największych państw świata. - Statystyki

Ogólne statystyki
  • Ten quiz został rozwiązany 82 razy
  • Średni wynik to 16 z 20
Statystyki odpowiedzi
Obrazkowy Odpowiedź % Poprawnych
Stany Zjednoczone
100%
Australia
99%
Chiny
99%
Kanada
99%
Brazylia
97%
Rosja
97%
Argentyna
96%
Indie
96%
Kazachstan
89%
Meksyk
87%
Arabia Saudyjska
86%
Indonezja
84%
Algieria
76%
Peru
70%
Iran
69%
Czad
66%
Demokratyczna Republika Konga
66%
Mongolia
66%
Libia
53%
Sudan
50%
Nie znaleziono quizów pasujących do podanych kryteriów
Rozkład punktacji
Procent ludzi z każdym wynikiem
Percentyl według liczby udzielonych odpowiedzi
Twoja historia wyników
Nie rozwiązałeś tego quizu